000 00674nam a2200289Ia 4500
005 20260324145048.0
008 008 260324s9999 xx 000 0 eng d
020 _a9781003095200
037 _aEBOOK
040 _aCRL
040 _beng
040 _cCRL
041 _2eng
041 _aeng
084 _qCRL
100 _aPaul B. Stares
_91221611
245 0 _aSpace Weapons and U.S. Strategy
245 0 _bOrigins and Development
260 _bTaylor and Francis
260 _c1985
365 _a
365 _b205
856 _uhttp://www.taylorfrancis.com/books/9781003095200
942 _cEBOOK
999 _c1829009
_d1829009